Т. 2; Инструментальщик

Bibliografiske detaljer
Parent link:Инструментальщик: энциклопедический справочник-каталог в 3 т./ под ред. Я. А. Музыканта. Т. 2.— , 2009-
Summary:Дана оценка состояния и перспективы развития отечественного машиностроения. Рассмотрены конструкции и условия оптимального применения осевого, резьбонарезного, протяжного, зуборезного, специального и сборного многофункционального инструмента, а также инструмента из сверхтвердых материалов и режущей керамики, в том числе для комбинированной обработки со шлифованием и для алмазного наноточения. Рассмотрены высокоэнергетические методы формообразование деталей машин: электрофизический, ультразвуковой, лазерный, плазменный, электрохимический, комбинированный и др. Отмечается значительная перспектива их использования для обработки деталей, в том числе сложной формы из композиционных и труднообрабатываемых материалов. Для инженеров, техников и рабочих различных отраслей промышленности, для специалистов исследовательских и коммерческих центров и фирм, будет полезно студентам и преподавателям вузов.
Sprog:russisk
Udgivet: 2013
Fag:
Format: MixedMaterials Bog
KOHA link:https://koha.lib.tpu.ru/cgi-bin/koha/opac-detail.pl?biblionumber=236045

MARC

LEADER 00000nam2a2200000 4500
001 236045
005 20231101231438.0
010 |a 9785939520379 
035 |a (RuTPU)RU\TPU\book\257191 
090 |a 236045 
100 |a 20130418d2013 km y0rusy50 ca 
101 0 |a rus 
102 |a RU 
105 |a a bg 001zy 
200 0 |a Т. 2 
210 |d 2013 
215 |a 432 с.  |c ил. 
320 |a Библиография в конце глав. 
330 |a Дана оценка состояния и перспективы развития отечественного машиностроения. Рассмотрены конструкции и условия оптимального применения осевого, резьбонарезного, протяжного, зуборезного, специального и сборного многофункционального инструмента, а также инструмента из сверхтвердых материалов и режущей керамики, в том числе для комбинированной обработки со шлифованием и для алмазного наноточения. Рассмотрены высокоэнергетические методы формообразование деталей машин: электрофизический, ультразвуковой, лазерный, плазменный, электрохимический, комбинированный и др. Отмечается значительная перспектива их использования для обработки деталей, в том числе сложной формы из композиционных и труднообрабатываемых материалов. Для инженеров, техников и рабочих различных отраслей промышленности, для специалистов исследовательских и коммерческих центров и фирм, будет полезно студентам и преподавателям вузов. 
461 1 |0 (RuTPU)RU\TPU\book\203795  |t Инструментальщик  |o энциклопедический справочник-каталог в 3 т.  |f под ред. Я. А. Музыканта  |v Т. 2  |d 2009-  
606 1 |a Инструментальное дело  |2 stltpush  |3 (RuTPU)RU\TPU\subj\12678  |9 39421 
610 1 |a машиностроительный комплекс 
610 1 |a Россия 
610 1 |a инструментальное производство 
610 1 |a совершенствование 
610 1 |a отверстия 
610 1 |a обработка 
610 1 |a резьба 
610 1 |a лезвийные инструменты 
610 1 |a протяжки 
610 1 |a прошивки 
610 1 |a зуборезные инструменты 
610 1 |a многофункциональные инструменты 
610 1 |a механическая обработка 
610 1 |a нанотехнологии 
610 1 |a детали 
610 1 |a формообразование 
610 1 |a высокоэнергетические методы 
610 1 |a справочники 
610 1 |a каталоги 
675 |a 621.753.5(03)  |v 3 
801 1 |a RU  |b 63413507  |c 20130418 
801 2 |a RU  |b 63413507  |c 20131014  |g RCR 
942 |c BK 
959 |a 82/20130418  |d 1  |e 1800,00  |f ЧЗТЛ:1